000 00598nam a22001817a 4500
005 20251108164250.0
008 250721s1994 xx 000 0 ara d
082 1 4 _a621.389/فار
100 1 _aالعامري، فاروق محمد
245 1 0 _aإصلاح أعطال الفيديو عمليا /
246 1 1 _aRepair & Maintenance of video - recorders
264 1 _aالقاهرة :
_bالدار المصرية اللبنانية،
_c1994.
300 _a231ص
650 1 7 _aمسجلات الفيديو
650 1 7 _aالهندسة الإلكترونية
942 _2ddc
_cBK
999 _c7856
_d7856